000 00540nam a2200193Ia 4500
001 17701
003 GE_BSU
008 181216s||||||||xx |||||||||||||| ||und||
040 _cGE_BSU
080 _a621.643(035)
100 _aВасильев,В.П. Малинский,М.И. Нефедова,Н.Ф. и др.
245 _aСправочник монтажника.
260 _aМ.
260 _bНедра.
260 _c1975.
300 _a224 стр. 25 см.
653 _aСправочник монтажника.
942 _cBK
999 _c50749
_d50749